000
00465nam a2200181Ia 4500
008
100917s9999 xx 000 0 und d
082
_b
4177
100
_a
टिपणीस गो. गो.
245
_a
तुकाराम
260
_b
---
_c
1941
300
_a
299
365
_b
1.5
520
_a
अध्यात्म
630
_a
तुकाराम
650
_a
अध्यात्म
730
_a
तुकाराम
942
_c
BOOK
999
_c
609571
_d
609568